antagonisci fimów MCU - Statystyki

Ogólne statystyki
  • Ten quiz został rozwiązany 33 razy
  • Średni wynik to 15 z 31
Statystyki odpowiedzi
Hint Odpowiedź % Poprawnych
Thor Loki
85%
Avengers Loki
85%
Avengers: Wojna bez granic Thanos
85%
Avengers: Endgame Thanos
85%
Kapitan Ameryka: Pierwsze starcie Red Skull
81%
Avengers: Czas Ultrona Ultron
74%
Spider-Man: Daleko od domu Mysterio
70%
Kapitan Ameryka: Zimowy Żołnierz Zimowy Żołnierz
70%
Thor: Ragnarok Hela
63%
Strażnicy Galaktyki Vol. 2 Ego
59%
Strażnicy Galaktyki Vol. 1 Ronan
59%
Spider-Man: Bez drogi do domu sinster six
59%
Ant-Man i Osa: Kwantomania Kang
56%
Thor: Miłość i grom Gorr
52%
The Incredible Hulk Abomination
48%
Czarna Pantera: Wakanda w moim sercu Namor
48%
Spider-Man: Homecoming Vulture
48%
Doktor Strange w multiwersum obłędu Wanda Maximoff
48%
Kapitan Ameryka: Wojna Bohaterów Zemo
44%
Ant-Man i Osa Ghost
37%
Thor: Mroczny Świat Malekith
30%
Iron Man 3 Aldrich Killian
26%
Czarna Pantera Erik Killmonger
26%
Eternals Ikaris
26%
Iron Man Obadiah Stane
26%
Czarna Wdowa Taskmaster
26%
Ant-Man Darren Cross
22%
Kapitan Marvel Yon-Rogg
19%
Strażnicy Galaktyki: Volume 3 Ewolucjonista
15%
Doktor Strange Kaecilius
15%
Iron Man 2 Anton Vanko
11%
Nie znaleziono quizów pasujących do podanych kryteriów
Rozkład punktacji
Procent ludzi z każdym wynikiem
Percentyl według liczby udzielonych odpowiedzi
Twoja historia wyników
Nie rozwiązałeś tego quizu